00561nam a2200145Ia 4500100001600000942000700016654003200023245003400055260003900089300000800128546001200136999001700148952012500165952012500290 aApte/ D.G.  cBK ainternational financial mgt aInternational Financial Mgt bTata Mc Graw hillaNew Delhic1995 a657 aENGLISH c29193d29193 001040708CRCaCRCEbCRCEc1443 | 51d2023-03-17eglobal booksg150.00l0o p7858r2023-03-17v150.00w2023-03-17yBK 001040708CRCaCRCEbCRCEc1443 | 51d2023-03-17eglobal booksg150.00l0o p7859r2023-03-17v150.00w2023-03-17yBK